Formel-1-Fahrer nach Startnummern - Statistiken

Allgemein
  • Dieses Quiz wurde 2.924 mal gespielt
    156 seit der letzten Aktualisierung
  • Das Durchschnittsergebnis liegt bei 18 aus 55
Antwortstatistiken
# Fahrer Zeitraum % Korrekt
1 Sebastian Vettel Max Verstappen Lando Norris 2014 2022-2025 2026-
99%
3 Daniel Ricciardo Max Verstappen 2014-2024 2026-
81%
44 Lewis Hamilton 2014-
74%
5 Sebastian Vettel Gabriel Bortoleto 2015-2022 2025-
69%
4 Max Chilton Lando Norris 2014 2019-2025
68%
16 Charles Leclerc 2018-
64%
11 Sergio Pérez 2014-2024, 2026-
62%
6 Nico Rosberg Nicolas Latifi Isack Hadjar 2014-2016 2020-2022 2025-
62%
77 Valtteri Bottas 2014-2024, 2026-
60%
55 Carlos Sainz 2015-
58%
63 George Russell 2019-
58%
87 Oliver Bearman 2025-
58%
81 Oscar Piastri 2023-
58%
14 Fernando Alonso 2014-2018, 2021-
55%
10 Kamui Kobayashi Pierre Gasly 2014 2017-
55%
12 Felipe Nasr Andrea Kimi Antonelli 2015-2016 2025-
54%
7 Kimi Räikkönen Jack Doohan 2014-2021 2025
53%
18 Lance Stroll 2017-
49%
33 Max Verstappen 2015-2021
49%
31 Esteban Ocon 2016-2018, 2020-
48%
27 Nico Hülkenberg 2014-2020, 2022-
47%
41 Arvid Lindblad 2026-
46%
23 Alexander Albon 2019-2020, 2022-
44%
22 Jenson Button Yuki Tsunoda 2014-2017 2021-2025
42%
30 Jolyon Palmer Liam Lawson 2016-2017 2024-
39%
2 Stoffel Vandoorne Logan Sargeant 2017-2018 2023-2024
33%
43 Franco Colapinto 2024-
30%
47
Stoffel Vandoorne
Mick Schumacher
2016
2021-2022
26%
8 Romain Grosjean 2014-2020
26%
99 Adrian Sutil Antonio Giovinazzi 2014 2019-2021
24%
9 Marcus Ericsson Nikita Masepin 2014-2018 2021
23%
20 Kevin Magnussen 2014-2020, 2022-2024
19%
17 Jules Bianchi 2014
18%
24 Zhou Guanyu 2022-2024
15%
94 Pascal Wehrlein 2016-2017
13%
26 Daniil Kwjat 2014-2017, 2019-2020
11%
21 Esteban Gutiérrez Nyck de Vries 2014-2016 2023
11%
50 Oliver Bearman 2024
10%
88 Rio Haryanto Robert Kubica 2016 2019, 2021
10%
89 Jack Aitken 2020
9%
38 Oliver Bearman 2024
8%
13 Pastor Maldonado 2014-2015
8%
40 Paul di Resta Liam Lawson 2017 2023
7%
19 Felipe Massa 2014-2017
7%
51 Pietro Fittipaldi 2020
6%
35 Sergei Sirotkin 2018
6%
28 Will Stevens Brendon Hartley 2015 2017
6%
61 Jack Doohan 2024
3%
25 Jean-Éric Vergne 2014
3%
98 Roberto Merhi 2015
3%
53 Alexander Rossi 2015
2%
45 André Lotterer Nyck de Vries 2014 2022
2%
36 Antonio Giovinazzi 2017
1%
39 Brendon Hartley 2017
0%
46 Will Stevens 2014
0%
Keine übereinstimmenden Quizze gefunden
Verteilung der Resultate
Anzahl Personen mit jedem Resultat
Perzentil nach korrekt beantworteten Fragen
Ihre Resultats-Entwicklung
Sie haben dieses Quiz seit der letzten Aktualisierung nicht gespielt